export_success — 

Corporate governance /

Bibliographic Details
Other Authors: Gordini, Niccolo, (Editor), He, Lerong, (Editor), Cordeiro, James, (Editor)
Format: eBook
Language:English
Published: [Bradford, England] : Emerald Group Publishing Limited, 2016.
Series:Management Research Review, Volume 39 Number 11
Subjects:
Online Access:Click to View
LEADER 01900nam a2200445 i 4500
001 EBC4789468
003 MiAaPQ
005 20200917021826.0
006 m o d |
007 cr cnu||||||||
008 170203t20162016enk ob 000 0 eng d
020 |z 9781787141926 
020 |a 9781787141933 (e-book) 
035 |a (MiAaPQ)EBC4789468 
035 |a (Au-PeEL)EBL4789468 
035 |a (CaPaEBR)ebr11332228 
035 |a (CaONFJC)MIL988543 
035 |a (OCoLC)969433898 
040 |a MiAaPQ  |b eng  |e rda  |e pn  |c MiAaPQ  |d MiAaPQ 
050 4 |a HD2741  |b .C677 2016 
082 0 |a 658.4  |2 23 
245 0 0 |a Corporate governance /  |c Niccolo Gordini, Lerong He and James Cordeiro, guest editors. 
264 1 |a [Bradford, England] :  |b Emerald Group Publishing Limited,  |c 2016. 
264 4 |c 2016 
300 |a 1 online resource (173 pages). 
336 |a text  |2 rdacontent 
337 |a computer  |2 rdamedia 
338 |a online resource  |2 rdacarrier 
490 0 |a Management Research Review,  |x 2040-8269 ;  |v Volume 39 Number 11 
504 |a Includes bibliographical references at the end of each chapters. 
588 |a Description based on online resource; title from PDF cover (ebrary, viewed February 2, 2017). 
590 |a Electronic reproduction. Ann Arbor, MI : ProQuest, 2016. Available via World Wide Web. Access may be limited to ProQuest affiliated libraries. 
650 0 |a Corporate governance. 
655 4 |a Electronic books. 
700 1 |a Gordini, Niccolo,  |e editor. 
700 1 |a He, Lerong,  |e editor. 
700 1 |a Cordeiro, James,  |e editor. 
776 0 8 |i Print version:  |t Corporate governance.  |d [Bradford, England] : Emerald Group Publishing Limited, c2016   |h approximately 173 pages   |k Management Research Review ; Volume 39 Number 11   |z 9781787141926 
797 2 |a ProQuest (Firm) 
856 4 0 |u https://ebookcentral.proquest.com/lib/matrademy/detail.action?docID=4789468  |z Click to View